| 000 | 00000nam##2200000za#4500 |
| 001 | 9.697324 |
| 003 | CaOODSP |
| 005 | 20210927150507 |
| 007 | cr ||||||||||| |
| 008 | 150407|2001||||xxc|||||o f|0| 0 eng|d |
| 040 | |aCaOODSP|beng |
| 043 | |an-cn--- |
| 086 | 1 |aR5-10/2001E-PDF |
| 110 | 1 |aCanada. |bIndian and Northern Affairs Canada. |
| 245 | 10|aQuestions and answers about the Aboriginal Canada Portal www.aboriginalcanada.gc.ca |h[electronic resource] |
| 260 | |bIndian and Northern Affairs |c[2001]. |
| 300 | |a4p. |
| 590 | |a13-05-Supp|b2013-02-27 |
| 775 | 08|tPortail des Autochtones au Canada www.aboriginalcanada.gc.ca - questions et réponses |w(CaOODSP)9.641383 |
| 856 | 40|ahttp://publications.gc.ca|qPDF|s110 KB|uhttps://publications.gc.ca/collections/collection_2013/aadnc-aandc/R5-10-2001-eng.pdf |